|
|
|
|
| LEADER |
00000nab a2200000 a 4500 |
| 001 |
vtls000563477 |
| 003 |
SK-MaSNL |
| 005 |
20260305015523.0 |
| 008 |
210623c1995 xo 0 slo |
| 015 |
|
|
|a SNBRB19rr/mm-uuuuu
|
| 035 |
|
|
|a CL0563615
|
| 040 |
|
|
|a SNKBUCL
|b slo
|c SNKBUCL
|e AACR2
|
| 041 |
0 |
|
|a slo
|
| 044 |
|
|
|a xo
|c SK
|
| 080 |
|
|
|a 061.1(100)
|2 1981
|
| 100 |
1 |
|
|a Butrus-Ghálí, Butrus,
|d 1922-2016
|4 aut
|9 158861
|
| 245 |
1 |
0 |
|a OSN je napriek všetkému nenahraditeľná
|b Rozhovor s generálnym tajomníkom OSN Butrusom Butrusom-Ghálím o súčasnosti a perspektívach
|c Butrus Butrus-Ghálí
|
| 300 |
|
|
|b Fotogr. 1
|
| 610 |
2 |
7 |
|a Organizácia spojených národov
|2 SNKKA
|9 84034
|
| 655 |
|
7 |
|a články z novín a časopisov
|2 snkbucl
|9 267496
|
| 773 |
0 |
|
|t Roľnícke noviny
|g Č. 249 (27. 10. 1995), s. 3
|
| 850 |
|
|
|a Slovenská národná knižnica v Martine
|a MTA001
|
| 852 |
|
|
|a SNK
|b KIS3GCP
|
| 958 |
|
|
|a RK
|
| 992 |
|
|
|a RBX
|
| 999 |
|
|
|c 3275621
|d 3277551
|